| 000 | 00441nam a2200181Ia 4500 | ||
|---|---|---|---|
| 001 | 16354 | ||
| 005 | 20260306170303.0 | ||
| 008 | 260306t2013||||xx |||||||||||||| ||und|| | ||
| 041 | _aESP | ||
| 082 |
_a348.54 _bA59 |
||
| 100 |
_aAndaluz, Westreicher, Carlos _eAUT |
||
| 245 | 0 | _aManual de derecho ambiental | |
| 260 | _c2013 | ||
| 300 |
_axlix, 1066 páginas : _c24 cm. |
||
| 650 | _aGEN | ||
| 654 | _aCDE | ||
| 942 |
_cLIB _dJUS _fJUS _2ddc _n |
||
| 999 |
_c16354 _d16354 |
||